Der Prozess Jesu - aus r?omisch-rechtlicher Perspektive.

Although it is clear that the trial of Jesus has been extensively discussed and described before, new aspects are revealed by a strict focus on the written text from the perspective of legal history. The author follows this approach and comes to the inexorable conclusion that Jesus's sentence w...

Full description

Bibliographic Details
Main Author: Paulus, Christoph G.
Corporate Author: Walter de Gruyter & Co
Format: eBook
Language:German
Published: De Gruyter, 2016.
Series:Schriftenreihe der Juristischen Gesellschaft Zu Berlin ; 194
Subjects:
Online Access:Connect to the full text of this electronic book

MARC

Tag First Indicator Second Indicator Subfields
LEADER 00000cam a2200000Ma 4500
001 in00004772713
006 m o d
007 cr |n|||||||||
008 160422s2016 xx o 000 0 ger d
005 20240212223207.5
035 |a (OCoLC)ocn947084247 
040 |a IDEBK  |b eng  |e pn  |c IDEBK  |d DEBBG  |d OCLCQ  |d EBLCP  |d OCLCQ  |d DEGRU  |d U3W  |d OCLCO  |d OCLCF  |d OCLCQ  |d COCUF  |d OCLCQ  |d N$T  |d FEM  |d YDX  |d N$T  |d AUD  |d OCLCQ  |d OCLCO 
019 |a 958355619  |a 969078703  |a 992929018 
020 |a 3110479834  |q (ebk) 
020 |a 9783110479836  |q (ebk) 
020 |a 9783110479430  |q (electronic bk.) 
020 |a 3110479435  |q (electronic bk.) 
020 |z 3110479389 
035 |a (OCoLC)947084247  |z (OCoLC)958355619  |z (OCoLC)969078703  |z (OCoLC)992929018 
037 |a 915593  |b MIL 
050 4 |a BT440  |b .P38 2016 
082 0 4 |8 1 p  |a 220  |q DE-101 
049 |a TXAM 
100 1 |a Paulus, Christoph G. 
245 1 4 |a Der Prozess Jesu - aus r?omisch-rechtlicher Perspektive. 
260 |b De Gruyter,  |c 2016. 
300 |a 1 online resource 
336 |a text  |b txt  |2 rdacontent 
337 |a computer  |b c  |2 rdamedia 
338 |a online resource  |b cr  |2 rdacarrier 
347 |a text file  |2 rda 
490 0 |a Schriftenreihe der Juristischen Gesellschaft Zu Berlin ;  |v 194 
505 0 0 |t Frontmatter --  |t Inhalt --  |t I. Die Bibel als historische Quelle --  |t II. Das Umfeld des Prozesses --  |t III. Der Prozess --  |t IV. Ergebnis --  |t Backmatter 
520 |a Although it is clear that the trial of Jesus has been extensively discussed and described before, new aspects are revealed by a strict focus on the written text from the perspective of legal history. The author follows this approach and comes to the inexorable conclusion that Jesus's sentence was fully consistent with the terms of Roman penal and procedural law. 
520 |a Auch wenn das Thema - naturgemäß - bereits viel diskutiert und beschrieben worden ist, eröffnen sich doch neue Aspekte, wenn man mit strikter Konzentration auf eine rechtshistorische Betrachtungsweise den geschriebenen Text analysiert. Gena. 
588 0 |a Print version record. 
650 0 |a Law. 
650 7 |a LAW / General.  |2 bisacsh 
650 7 |a Law  |2 fast 
653 |a Trial of Jesus. 
655 7 |a Electronic books.  |2 local 
710 2 |a Walter de Gruyter & Co. 
856 4 0 |u https://www.degruyter.com/openurl?genre=book&isbn=9783110479836  |z Connect to the full text of this electronic book  |t 0 
955 |a De Gruyter Open Access ebooks 
994 |a 92  |b TXA 
999 f f |s c80c440a-15d9-4178-9888-bb03aeeb327f  |i ccdd3664-3e44-4500-86e5-94dee9d08d1d  |t 0 
952 f f |a Texas A&M University  |b College Station  |c Electronic Resources  |d Available Online  |t 0  |e BT440 .P38 2016  |h Library of Congress classification 
998 f f |a BT440 .P38 2016  |t 0  |l Available Online